000 00853nam a2200241 a 4500
003 DO-SdBNP
005 20220203093304.0
007 ta
008 220201e2019 dr abo|fr|||| 001 0dspa d
020 _a9789945169676
040 _aDO-SdBNP
_bspa
_cBNPHU
082 4 _222
_bS617r
245 1 0 _aResidencias médicas en República Dominicana: historia, realidades y perspectiva /
_cPedro Sing Ureña, Prólogo, Jorge Asjana
260 _aSanto Domingo :
_bBúho,
_c2019
300 _a161 p. :
_bil., gra., mapa, fotogr. ;
_c23 cm.
500 _aIncluye datos biográficos del autor en la solapa de la portada.
590 _aInventariado 2022 / MF
650 4 _918215
_aResidencias médicas
_xRepública Dominicana
650 4 _920090
_aMedicina
_zRepública Dominicana
700 1 _aAsjana, Jorge,
_epról.
_981111
910 _aMFeliz
942 _2ddc
_cLBS1
999 _c51294
_d51294